Χρηματοοικονομική ανάλυση εταιρειών Third party logistics - 3PL στην Ελλάδα : διπλωματική εργασία
Saved in:
| Main Author: | |
|---|---|
| Corporate Author: | |
| Other Authors: | , , |
| Format: | Thesis Book |
| Language: | Greek |
| Published: |
2009
|
| Subjects: | |
| Online Access: | http://hdl.handle.net/11610/8602 |
| Tags: |
Add Tag
No Tags, Be the first to tag this record!
|
MARC
| LEADER | 00000cam a2200000 i 4500 | ||
|---|---|---|---|
| 001 | 1/103135 | ||
| 008 | 090323s2009 gre d | ||
| 035 | |l 10103933 | ||
| 040 | |a GR-MY-UA |b gre |e aacr | ||
| 041 | 0 | |a gre | |
| 082 | 0 | |a 658.7 |2 (22) | |
| 100 | 1 | |a Χαλκίτης, Παντελής-Εμμανουήλ. | |
| 245 | 1 | 0 | |a Χρηματοοικονομική ανάλυση εταιρειών Third party logistics - 3PL στην Ελλάδα : |b διπλωματική εργασία / |c Χαλκίτης Παντελής - Εμμανουήλ ; επιβλέποντες καθηγητές Κακούρης Ανδρέας, Δούνιας Γεώργιος, Θωμαΐδης Νικόλαος |
| 260 | |c 2009 | ||
| 300 | |a 220 σ.; |b διαγρ., πίν.; |c 30 εκ. | ||
| 502 | # | # | |a Πτυχιακή εργασία – Πανεπιστήμιο Αιγαίου, Χίος, 2009. |
| 504 | |a Περιλαμβάνει βιβλιογραφία | ||
| 650 | 0 | 0 | |a Business logistics |x Contracting out. |
| 650 | 0 | 0 | |a Logistics. |
| 650 | 0 | 0 | |a Business logistics |x Management. |
| 650 | 0 | 0 | |a Industrial management. |
| 650 | 0 | 0 | |a Marketing |x Management. |
| 650 | 0 | 0 | |a Finance. |
| 650 | 0 | 0 | |a Business mathematics. |
| 650 | 0 | 0 | |a Accounting. |
| 650 | 0 | 0 | |a Dissertations, Academic |z Greece. |
| 700 | 0 | |a Κακούρης, Ανδρέας. |4 ths | |
| 700 | 1 | |a Θωμαΐδης, Νικόλαος. |4 ths | |
| 700 | 1 | |4 ths |a Δούνιας, Γεώργιος Δ. | |
| 710 | 1 | |a Πανεπιστήμιο Αιγαίου Τμήμα Μηχανικών Οικονομίας και Διοίκησης - Τ.Μ.Ο.Δ. |b Σχολή Επιστημών της Διοίκησης. | |
| 852 | |a INST |b CHIOS |c DIATR |e 20090323 |h 658.7 ΧΑΛ |p 005200030505 |q 005200030505 |t DIE |y 23 | ||
| 852 | |a INST |b CHIOS |c DIATR |e 20090323 |h 658.7 ΧΑΛ |p 005200030506 |q 005200030506 |t DIE |y 23 | ||
| 856 | |u http://hdl.handle.net/11610/8602 | ||
| 901 | |a BIBL2-2009-1 | ||
| 909 | |a Χ |b 147145 | ||
| 909 | |a Χ |b 147144 | ||
| 924 | |a ΧΑΛΚΙΤΗΣ |b ΠΑΝΤΕΛΗΣ - ΕΜΜΑΝΟΥΗΛ |y ΧΙΟΣ |z 2009-03 | ||
| 970 | |a ΒΑΣΙΛΑΚΗ |b ΝΙΚΗ |z 2009/03/23 | ||